The Leader who had no title : modern fable on real success in business and in life.

Bibliographic Details
Main Author: Sharma
Format: Book
Published: New York: Free Press, 2010.
Subjects:
LEADER 00435cam a2200145 7i4500
001 0000025969
005 20110224090000.0
020 0 0 |a 9781439190968  
090 0 0 |a B 658.40922   |b SHA 
100 1 0 |a Sharma  
245 1 0 |a The Leader who had no title :   |b modern fable on real success in business and in life. 
260 0 0 |a New York:   |b Free Press,   |c 2010. 
300 # # |a 203p. 
650 0 0 |a Leadership  
999 |a B000028333  |b Book  |c Book  |e Business Information Centre